ਸੁਖਮਨੀ ਸਾਹਿਬ / (Record no. 110521)

MARC details
000 -LEADER
fixed length control field 01071nam a22002537a 4500
005 - DATE AND TIME OF LATEST TRANSACTION
control field 20170123164153.0
010 ## - LIBRARY OF CONGRESS CONTROL NUMBER
LC control number B-210091
020 ## - INTERNATIONAL STANDARD BOOK NUMBER
Terms of availability 200.00
International Standard Book Number 8178561352
035 ## - SYSTEM CONTROL NUMBER
System control number B-210091
037 ## - SOURCE OF ACQUISITION
Stock number Cen Lib / Ret
040 ## - CATALOGING SOURCE
Original cataloging agency DPL
Language of cataloging PN
082 ## - DEWEY DECIMAL CLASSIFICATION NUMBER
Classification number 260.2
Item number ਬ੍ਰਹਮ
100 ## - MAIN ENTRY--PERSONAL NAME
Personal name ਬ੍ਰਹਮ ਜਗਦੀਸ਼ ਸਿੰਘ
9 (RLIN) 4285
245 ## - TITLE STATEMENT
Title ਸੁਖਮਨੀ ਸਾਹਿਬ /
Statement of responsibility, etc ਬ੍ਰਹਮ ਜਗਦੀਸ਼ ਸਿੰਘ
Remainder of title ਪਾਠ ਅਤੇ ਵਿਵੇਚਨ
246 ## - VARYING FORM OF TITLE
Title proper/short title Sukhmani sahib : paath ate vivechan /
Remainder of title Brahm Jagdish Singh
260 ## - PUBLICATION, DISTRIBUTION, ETC. (IMPRINT)
Place of publication, distribution, etc ਅੰਮ੍ਰਿਤਸਰ
Name of publisher, distributor, etc ਵਾਰਿਸ ਸ਼ਾਹ ਫਾਊਡੋਸ਼ਨ
Date of publication, distribution, etc 2005
270 ## - ADDRESS
Address 42, ਗੁਰੂ ਤੇਗ਼ ਬੇਹਾਦੁਰ ਨਗਰ
City ਅੰਮ੍ਰਿਤਸਰ
300 ## - PHYSICAL DESCRIPTION
Extent 192p.
Dimensions 22cm(Hb)
650 ## - SUBJECT ADDED ENTRY--TOPICAL TERM
Topical term or geographic name as entry element ਪੰਜਾਬੀ ਸਾਹਿਤ
Chronological subdivision
9 (RLIN) 129357
650 ## - SUBJECT ADDED ENTRY--TOPICAL TERM
Topical term or geographic name as entry element ਸਿਖ -- ਧਰ੍ਮ
9 (RLIN) 3671
650 ## - SUBJECT ADDED ENTRY--TOPICAL TERM
Topical term or geographic name as entry element Literature -- punjabi
9 (RLIN) 129358
650 ## - SUBJECT ADDED ENTRY--TOPICAL TERM
Topical term or geographic name as entry element Punjabi -- religion
9 (RLIN) 9921
942 ## - ADDED ENTRY ELEMENTS (KOHA)
Source of classification or shelving scheme Dewey Decimal Classification
Koha item type Punjabi Bks
Classification part 260.2
Call number suffix ਬ੍ਰਹਮ
Holdings
Withdrawn status Lost status Damaged status Not for loan Home library Current library Date acquired Source of acquisition Cost, normal purchase price Total Checkouts Full call number Barcode Date last seen Date checked out Copy number Cost, replacement price Price effective from Koha item type
        Central Library Central Library 29/01/2016 Cen Lib/Ret 200.00 1 260.2 ਬ੍ਰਹਮ B-210091 20/03/2021 27/02/2021 1 200.00 29/01/2016 Punjabi Bks

© Delhi Public Library
Hit Counter
free hit counter